| 000 | 01256nam a2200325 a 4500 | ||
|---|---|---|---|
| 001 | ebr10506397 | ||
| 003 | CaPaEBR | ||
| 006 | m u | ||
| 007 | cr cn||||||||| | ||
| 008 | 111130s2011 dcuabd sb 001 0 eng d | ||
| 020 | _z9780821388105 (pbk) | ||
| 020 | _z9780821388259 (hardcover) | ||
| 020 | _z9780821388129 (e-book) | ||
| 040 |
_aCaPaEBR _cCaPaEBR |
||
| 035 | _a(OCoLC)769188446 | ||
| 050 | 1 | 4 |
_aHQ1240 _b.G46 2011eb |
| 245 | 0 | 0 |
_aGender equality and development _h[electronic resource]. |
| 260 |
_aWashington D.C. : _bWorld Bank, _c2011. |
||
| 300 |
_axxiii, 426 p. : _bcol. ill., col. maps. |
||
| 490 | 1 |
_aWorld development report, _x0163-5085 ; _v2012 |
|
| 504 | _aIncludes bibliographical references and index. | ||
| 533 |
_aElectronic reproduction. _bPalo Alto, Calif. : _cebrary, _d2013. _nAvailable via World Wide Web. _nAccess may be limited to ebrary affiliated libraries. |
||
| 650 | 0 | _aWomen in development. | |
| 650 | 0 | _aWomen's rights. | |
| 655 | 7 |
_aElectronic books. _2local |
|
| 710 | 2 | _aWorld Bank. | |
| 710 | 2 | _aebrary, Inc. | |
| 830 | 0 |
_aWorld development report ; _v2012. |
|
| 856 | 4 | 0 |
_uhttp://site.ebrary.com/lib/rucke/Doc?id=10506397 _zAn electronic book accessible through the World Wide Web; click to view |
| 999 |
_c218767 _d218767 |
||